| 000 | 00889 a2200157 4500 | ||
|---|---|---|---|
| 003 | NUST | ||
| 005 | 20221209150453.0 | ||
| 040 | _cNust | ||
| 082 | _a297.55,BAZ | ||
| 100 |
_aBaz, Shaykh Abdul Aziz bin Abdullah bin _9104566 |
||
| 245 |
_aFatawa Islamiyah Islamic Verdicts (Vol-5) / _cShaykh Abdul Aziz bin Abdullah bin Baz |
||
| 260 |
_aLondon _bDarussalam _c2001 |
||
| 300 | _a456 p .: | ||
| 505 | _aInsurance & Other Issues (Page-19), The Book of Waqf (Endowmwnts) (Page-34), The Book of Al-Wasays (Wills and Testaments) (Page-57), The Book of Al-Fara idh (The Shares of Inheritance) (Page-78)m The Book of Marriage (Page-100)m Miscellaneous Rulings on Marriage (Page-168)m Those Whom it is Forbiddent to Marry (Page-211), Rulings on Marrying Jewish and Christian Women (Page-281), Relationships with Women (Page-365), Misconduct in Marriage (Page-440). | ||
| 942 |
_2ddc _cBK _k297.55,BAZ |
||
| 999 |
_c197088 _d197088 |
||